Nuclear physics / (Record no. 10568)
[ view plain ]
| 000 -LEADER | |
|---|---|
| fixed length control field | 00597nam a2200229 a 4500 |
| 001 - CONTROL NUMBER | |
| JCCL Control Number | 10568 |
| 003 - CONTROL NUMBER IDENTIFIER | |
| JCCL marc code | BD - JhCC |
| 005 - DATE AND TIME OF LATEST TRANSACTION | |
| control field | 20180716191217.0 |
| 008 - FIXED-LENGTH DATA ELEMENTS--GENERAL INFORMATION | |
| fixed length control field | 180716s1962 ii a b 000 0 eng |
| 035 ## - SYSTEM CONTROL NUMBER | |
| system control number | (BD - JhCC)10568 |
| 040 ## - CATALOGING SOURCE | |
| Original cataloging agency | BD-JhCC |
| Modifying agency | BD-JhCC |
| 041 ## - LANGUAGE CODE | |
| Language code of Book | eng |
| 082 ## - DEWEY DECIMAL CLASSIFICATION NUMBER | |
| Author mark and Year | KAP 1962 |
| Classification number | 539.7 |
| 100 ## - MAIN ENTRY--PERSONAL NAME | |
| Personal name | Kaplan, Irving |
| 245 10 - TITLE STATEMENT | |
| Title | Nuclear physics / |
| Statement of responsibility, etc | Irving Kaplan, |
| 260 ## - PUBLICATION, DISTRIBUTION, ETC. (IMPRINT) | |
| Place of publication, distribution, etc | New Delhi : |
| Name of publisher, distributor, etc | Oxford & IBH, |
| Date of publication, distribution, etc | 1962. |
| 300 ## - PHYSICAL DESCRIPTION | |
| Pagination | 770 p. : |
| Other physical details | illus. |
| Dimensions | 21 cm. |
| 504 ## - BIBLIOGRAPHY, ETC. NOTE | |
| Bibliography, etc | Includes bibliographies and Index |
| 650 #0 - SUBJECT ADDED ENTRY--TOPICAL TERM | |
| Topical term or geographic name as entry element | Nuclear physics. |
| 942 ## - ADDED ENTRY ELEMENTS (KOHA) | |
| Source of classification or shelving scheme | Dewey Decimal Classification |
| Koha item type | Books |
| Source of classification or shelving scheme | Damaged status | Not for loan | Home library | Current library | Shelving location | Date of accession | Total Checkouts | Full call number | Barcode | Date last seen | Copy number | Koha item type |
|---|---|---|---|---|---|---|---|---|---|---|---|---|
| Dewey Decimal Classification | JCC Rouf Library | JCC Rouf Library | General Stacks | 07/16/2018 | 539.7 KAP 1962 | 11922 | 07/16/2018 | C-1 | Books |